A rendezvényszervezői munka, azon belül az esküvőszervezés létjogosultsága

Bibliográfiai részletek
Szerző: Beke Ágota
További közreműködők: Remenyik Dr. Bulcsú
Dokumentumtípus: Diplomadolgozat
Kulcsszavak:Esküvő
Esküvőszervezés
Rendezvényszervezés
Létjogosultság
Piacképes
Online Access:http://dolgozattar.uni-bge.hu/2222

MARC

LEADER 00000nta a2200000 i 4500
001 dolg2222
005 20160308192059.0
008 150506suuuu hu om 000 hun d
040 |a BGE Dolgozattár Repozitórium  |b hun 
041 |a hu 
100 1 |a Beke Ágota 
245 1 2 |a A rendezvényszervezői munka, azon belül az esküvőszervezés létjogosultsága  |c Beke Ágota  |h [elektronikus dokumentum] 
246 1 1 |a A rendezvényszervezői munka, azon belül az esküvőszervezés létjogosultsága 
695 |a Esküvő 
695 |a Esküvőszervezés 
695 |a Rendezvényszervezés 
695 |a Létjogosultság 
695 |a Piacképes 
700 1 |a Remenyik Dr. Bulcsú  |e ths 
856 4 0 |u http://dolgozattar.uni-bge.hu/2222/7/Beke%20%C3%81gota%2C%20Szakdolgozat%202015.pdf  |z Dokumentum-elérés